Memoria de las modificaciones, cambios y creación de planes y programas de estudio de las escuelas y facultades de la UNAM, 1925-1980.

-д хадгалсан:
Номзүйн дэлгэрэнгүй
Үндсэн зохиолч: Zuñiga Vázquez, Esther B. (autor)
Формат: Ном
Хэл сонгох:испани
Нөхцлүүд:
Шошгууд: Шошго нэмэх
Шошго байхгүй, Энэхүү баримтыг шошголох эхний хүн болох!

MARC

LEADER 00000cam^a2200000uu^4500
001 000480628
005 20250521000000.0
008 050901s1982^^^^^^^^^^^^rd^r^^000^0^spa^d
009 20260310125007.241
035 |a FCE 000023643 
035 |a FCE 007522 
037 |a Acervo ITESO - Biblioteca 
041 |a spa 
082 0 4 |a 375.006  |b ZUÑme 
100 |a Zuñiga Vázquez, Esther B.  |e (autor) 
245 1 0 |a Memoria de las modificaciones, cambios y creación de planes y programas de estudio de las escuelas y facultades de la UNAM, 1925-1980. 
264 |a México :  |b UNAM,  |c 1982. 
300 |a 335 p. 
336 |a texto  |b txt  |2 rdacontenido 
337 |a sin mediación  |b n  |2 rdamedio 
338 |a volumen  |b nc  |2 rdasoporte 
649 |a XX 
650 |a Educación superior 
650 |a Estadísticas educativas 
650 |a Legislación de la educación 
650 |a Reforma de la educación 
650 |a Planes y programas 
910 |a Fondo Centro de Estudios Educativos 
920 |a Impresos - Libros 
930 |a Fondos Especiales 
905 |a 133 
901 |a ALE007522  |b IT2  |c CEE  |u 20250521 
902 |a https://opac.biblio.iteso.mx/vufind/Record/000480628